| 000 | 00704aam a2200241 4500 | ||
|---|---|---|---|
| 005 | 20161004132702.0 | ||
| 008 | 150612b xxu||||| |||| 00| 0 spa d | ||
| 020 | _a97896846095 | ||
| 041 | _aEspañol | ||
| 082 | _a155.642 A445g2 | ||
| 100 |
_aAlvarez, Ana Teresa _98286 |
||
| 100 |
_aValladares, Blanca _98287 |
||
| 245 | _aGuía de orientación a padres en el manejo de límites con sus hijos | ||
| 260 |
_cCosta Rica _aEUCR _b2010 |
||
| 300 | _a26 páginas | ||
| 650 |
_aPADRES _924463 |
||
| 650 |
_aHIJOS _98289 |
||
| 650 |
_aMANEJO DE NIÑOS _98290 |
||
| 650 |
_aCONDUCTA INFANTIL _924464 |
||
| 650 |
_aDISCIPLINA INFANTIL _98292 |
||
| 650 |
_aORIENTACIÓN PSICOLÓGICA _98293 |
||
| 942 | _cBK | ||
| 999 |
_c2808 _d2808 |
||